[Event "DVM U12 2018"]
[Site "Magdeburg GER"]
[Date "2018.12.28"]
[Round "4"]
[White "Bungarten, Jona"]
[Black "Öz, Mert"]
[Result "1-0"]
[Termination "normal"]
[Board "7.1"]
[WhiteElo "1609"]
[BlackElo "1311"]
[WhiteTeam "SF Brackel"]
[BlackTeam "SK Bebenhausen"]
[PlyCount "139"]
[WhiteFideId "16223608"]
[BlackFideId "16255704"]
[EventCountry "GER"]
[EventRounds "7"]
[EventType "team-swiss"]
[EventDate "2018.12.26"]

1. e4 c5 2. d4 cxd4 3. c3 Nf6 4. e5 Nd5 5. Nf3 Nc6 6. Bc4 Nb6 7. Bb3 d5 8. cxd4
Bg4 9. Bg5 Qd7 10. Nc3 e6 11. Qd2 Be7 12. Bxe7 Qxe7 13. h3 Bxf3 14. gxf3 a6 15.
f4 Qb4 16. Ne2 Qxd2+ 17. Kxd2 Rc8 18. Rac1 Ke7 19. Rhg1 Rhg8 20. Ke3 f5 21. Ng3
g6 22. h4 Na5 23. h5 Nxb3 24. axb3 a5 25. hxg6 hxg6 26. Ne2 Rxc1 27. Rxc1 Rc8
28. Nc3 a4 29. Ra1 axb3 30. Ra7 Nc4+ 31. Ke2 Rb8 32. Na4 Kf7 33. Kd3 Ke8 34.
Kc3 Ke7 35. Nc5 Kf7 36. Nxb3 Rc8 37. Rxb7+ Kf8 38. Nc5 Ke8 39. Rg7 Kf8 40. Rxg6
Kf7 41. Rxe6 Kg7 42. Rf6 Kh7 43. Rxf5 Kg6 44. Rg5+ Kf7 45. f5 Nxe5 46. dxe5
Rxc5+ 47. Kd4 Rb5 48. f3 Rxb2 49. Kxd5 Rb5+ 50. Ke4 Rb4+ 51. Ke3 Rb3+ 52. Kf4
Rb4+ 53. Kg3 Rb5 54. f4 Rb3+ 55. Kh4 Rc3 56. Rg4 Rc6 57. Kg5 Rc8 58. e6+ Ke7
59. Kh4 Rf8 60. Rg5 Kf6 61. Kg4 Ke7 62. Rg7+ Kf6 63. Rf7+ Rxf7 64. exf7 Kxf7
65. Kg5 Kg7 66. f6+ Kf8 67. Kg6 Kg8 68. f7+ Kf8 69. f5 Ke7 70. Kg7 1-0

[Event "DVM U12 2018"]
[Site "Magdeburg GER"]
[Date "2018.12.28"]
[Round "4"]
[White "Andrei, Quentin"]
[Black "Tomasjan, Samuel"]
[Result "0-1"]
[Termination "normal"]
[Board "7.2"]
[WhiteElo "1219"]
[BlackElo "1435"]
[WhiteTeam "SK Bebenhausen"]
[BlackTeam "SF Brackel"]
[PlyCount "140"]
[WhiteFideId "16255712"]
[BlackFideId "16235584"]
[EventCountry "GER"]
[EventRounds "7"]
[EventType "team-swiss"]
[EventDate "2018.12.26"]

1. e4 e5 2. Nf3 Nc6 3. Bc4 Nf6 4. Ng5 d5 5. exd5 Na5 6. Bb5+ c6 7. dxc6 bxc6 8.
Be2 h6 9. Nf3 e4 10. Ne5 Qd5 11. f4 Bd6 12. Nc3 Qd4 13. Ng4 Nxg4 14. Bxg4 Bxf4
15. Bxc8 f5 16. Ke2 Rxc8 17. d3 exd3+ 18. Qxd3 Qe5+ 19. Kf2 O-O 20. Re1 Qc7 21.
Bxf4 Qxf4+ 22. Qf3 Qxh2 23. Re6 Qh4+ 24. Kg1 Qb4 25. Rb1 Nc4 26. Rxc6 Rxc6 27.
Qxc6 Qb6+ 28. Qxb6 Nxb6 29. b3 Rc8 30. Nb5 Rxc2 31. Nxa7 Rxa2 32. Nc6 Re2 33.
Nd4 Re5 34. Rf1 g6 35. Rc1 Kf7 36. Kf2 Rd5 37. Nf3 Nd7 38. b4 Ne5 39. Nxe5+
Rxe5 40. Rb1 Rb5 41. Ke3 Ke6 42. Kd4 Kd6 43. Kc4 Kc6 44. Re1 Rd5 45. Re6+ Rd6
46. b5+ Kc7 47. Re7+ Kb6 48. Re8 g5 49. Rb8+ Kc7 50. Kc5 Kxb8 51. Kxd6 f4 52.
Ke5 Kb7 53. Kf5 Kb6 54. Kg4 Kxb5 55. g3 fxg3 56. Kxg3 h5 57. Kf3 g4+ 58. Kg3
Kc5 59. Kf4 Kd4 60. Kg3 Ke4 61. Kf2 h4 62. Kg2 Kf4 63. Kh2 g3+ 64. Kg2 h3+ 65.
Kf1 g2+ 66. Kg1 Kf3 67. Kh2 Kf2 68. Kxh3 g1=Q 69. Kh4 Qg6 70. Kh3 Qg3# 0-1

[Event "DVM U12 2018"]
[Site "Magdeburg GER"]
[Date "2018.12.28"]
[Round "4"]
[White "Römer, Alois"]
[Black "Weide, Julian"]
[Result "1-0"]
[Termination "normal"]
[Board "7.3"]
[WhiteElo "1444"]
[BlackElo "1301"]
[WhiteTeam "SF Brackel"]
[BlackTeam "SK Bebenhausen"]
[PlyCount "73"]
[WhiteFideId "16255607"]
[BlackFideId "16275209"]
[EventCountry "GER"]
[EventRounds "7"]
[EventType "team-swiss"]
[EventDate "2018.12.26"]

1. e4 c5 2. d4 cxd4 3. c3 Nf6 4. e5 Nd5 5. cxd4 Nc6 6. Nf3 g6 7. Bc4 Nb6 8. Bb3
Bg7 9. Be3 O-O 10. Qd2 d6 11. exd6 Qxd6 12. Nc3 Bg4 13. Ne4 Qb4 14. Qxb4 Nxb4
15. Ke2 N6d5 16. Rhd1 Nxe3 17. fxe3 Nc6 18. h3 Bxf3+ 19. Kxf3 b6 20. Rac1 Rac8
21. Ke2 Rfd8 22. Ng5 e6 23. Nxe6 fxe6 24. Bxe6+ Kf8 25. Bxc8 Rxc8 26. d5 Ne7
27. d6 Rxc1 28. dxe7+ Kxe7 29. Rxc1 Bxb2 30. Rc7+ Kf8 31. Rxa7 Bg7 32. Rb7 h5
33. Rxb6 Kf7 34. Rb7+ Kf6 35. Rxg7 Kxg7 36. a4 Kh6 37. a5 1-0

[Event "DVM U12 2018"]
[Site "Magdeburg GER"]
[Date "2018.12.28"]
[Round "4"]
[White "Kauth, Lukas Michael"]
[Black "Römer, Uri"]
[Result "0-1"]
[Termination "normal"]
[Board "7.4"]
[WhiteElo "855"]
[BlackElo "1098"]
[WhiteTeam "SK Bebenhausen"]
[BlackTeam "SF Brackel"]
[PlyCount "116"]
[WhiteFideId "16272994"]
[BlackFideId "16275039"]
[EventCountry "GER"]
[EventRounds "7"]
[EventType "team-swiss"]
[EventDate "2018.12.26"]

1. e4 e5 2. Nf3 Nc6 3. Bc4 Bc5 4. b4 Bxb4 5. c3 Bc5 6. d4 exd4 7. O-O Nf6 8. e5
Ng4 9. cxd4 Be7 10. h3 Nh6 11. Re1 d5 12. exd6 Qxd6 13. Ba3 Qd8 14. d5 O-O 15.
dxc6 Qxd1 16. Rxd1 Bxa3 17. cxb7 Bxb7 18. Nxa3 Rfe8 19. Nb5 Ba6 20. Rac1 Bxb5
21. Bxb5 Re7 22. Rd2 g6 23. Rcd1 Nf5 24. g4 Nd6 25. Bc6 Rb8 26. Re1 Rxe1+ 27.
Nxe1 Rb1 28. Kf1 Rc1 29. Ba4 Rc4 30. Bb3 Rc3 31. Ke2 Rxh3 32. f3 Rh2+ 33. Kd3
Rxd2+ 34. Kxd2 Kg7 35. Ke3 f5 36. Ng2 Kf6 37. Nf4 Kg5 38. Bd1 Nc4+ 39. Kd4 Nb2
40. Be2 Kxf4 41. gxf5 gxf5 42. Kd5 h5 43. Ke6 c5 44. Kf6 c4 45. Bxc4 Nxc4 46.
a4 h4 47. a5 Nxa5 48. Kg6 h3 49. Kf6 h2 50. Kg6 h1=Q 51. Kf6 Qh6+ 52. Kf7 Ke5
53. Kg8 Qf6 54. f4+ Kxf4 55. Kh7 Qg5 56. Kh8 Ke5 57. Kh7 Kf6 58. Kh8 Qg7# 0-1

[Event "DVM U12 2018"]
[Site "Magdeburg GER"]
[Date "2018.12.28"]
[Round "4"]
[White "Hecker, Linus Maximin"]
[Black "Schwartz, Oliver"]
[Result "1/2-1/2"]
[Termination "normal"]
[Board "8.1"]
[WhiteElo "1388"]
[BlackElo "1603"]
[WhiteTeam "Düsseldorfer SV"]
[BlackTeam "SC Ostfildern"]
[PlyCount "46"]
[WhiteFideId "16275152"]
[BlackFideId "16207459"]
[EventCountry "GER"]
[EventRounds "7"]
[EventType "team-swiss"]
[EventDate "2018.12.26"]

1. e4 c5 2. Nf3 Nc6 3. d4 cxd4 4. Nxd4 Nf6 5. Nc3 e5 6. Nf3 Bb4 7. Bd2 Bxc3 8.
Bxc3 Nxe4 9. Nxe5 Nxc3 10. Nxc6 bxc6 11. bxc3 O-O 12. Be2 d5 13. O-O Bf5 14.
Bd3 Qf6 15. Qf3 Bg6 16. Qxf6 gxf6 17. Rab1 Rab8 18. f4 Bxd3 19. cxd3 Rb6 20.
Rxb6 axb6 21. Rb1 b5 22. a3 Ra8 23. Rb3 Kg7 1/2-1/2

[Event "DVM U12 2018"]
[Site "Magdeburg GER"]
[Date "2018.12.28"]
[Round "4"]
[White "Chugunov, Ivan"]
[Black "Voicu, Mihai"]
[Result "0-1"]
[Termination "normal"]
[Board "8.2"]
[WhiteElo "1359"]
[BlackElo "1274"]
[WhiteTeam "SC Ostfildern"]
[BlackTeam "Düsseldorfer SV"]
[PlyCount "94"]
[WhiteFideId "16256808"]
[BlackFideId "16238168"]
[EventCountry "GER"]
[EventRounds "7"]
[EventType "team-swiss"]
[EventDate "2018.12.26"]

1. e4 c5 2. d4 cxd4 3. c3 dxc3 4. Nxc3 e6 5. Nf3 Nc6 6. Bc4 a6 7. O-O Qc7 8.
Qe2 b5 9. Bb3 Bb7 10. Rd1 Be7 11. Nd5 Qb8 12. Bf4 d6 13. Nxe7 Ngxe7 14. Bxd6
Qa7 15. Rac1 Qb6 16. Ne5 Nxe5 17. Bxe5 O-O 18. Rd6 Nc6 19. Qg4 Nxe5 20. Rxb6
Nxg4 21. Rxb7 Rac8 22. Rcc7 Ne5 23. f4 Nd3 24. f5 exf5 25. exf5 Nxb2 26. Bxf7+
Kh8 27. Be6 Rxc7 28. Rxc7 h6 29. h4 Ra8 30. g4 Nd3 31. g5 hxg5 32. hxg5 Nf4 33.
Bb3 Rf8 34. g6 Nh5 35. Kg2 Nf6 36. a4 Rb8 37. a5 Rd8 38. Bf7 Ra8 39. Rc6 Ne4
40. Kf3 Ng5+ 41. Kg4 Nxf7 42. gxf7 Kh7 43. Kg5 Rf8 44. Rc7 b4 45. f6 b3 46.
fxg7 Kxg7 47. Kf5 Rxf7+ 0-1

[Event "DVM U12 2018"]
[Site "Magdeburg GER"]
[Date "2018.12.28"]
[Round "4"]
[White "Zimanovic, Leon Daniel"]
[Black "Hörhager-Celjo, Denis"]
[Result "1-0"]
[Termination "normal"]
[Board "8.4"]
[WhiteElo "1173"]
[BlackElo "1238"]
[WhiteTeam "SC Ostfildern"]
[BlackTeam "Düsseldorfer SV"]
[PlyCount "81"]
[WhiteFideId "16275063"]
[BlackFideId "16253027"]
[EventCountry "GER"]
[EventRounds "7"]
[EventType "team-swiss"]
[EventDate "2018.12.26"]

1. e4 c5 2. Nf3 g6 3. Nc3 Bg7 4. Bc4 Nc6 5. d3 Nf6 6. Be3 d6 7. h3 a6 8. O-O
O-O 9. Ng5 b5 10. Bb3 e6 11. a3 Na5 12. Ba2 c4 13. Qe2 cxd3 14. cxd3 d5 15. Bc5
Re8 16. f3 Nd7 17. Be3 d4 18. Nd1 dxe3 19. Qxe3 h6 20. Nxf7 Kxf7 21. f4 Qb6 22.
Qxb6 Nxb6 23. f5 Kf6 24. fxe6+ Ke5 25. Nf2 Bxe6 26. d4+ Kd6 27. e5+ Kc7 28.
Bxe6 Rxe6 29. Ne4 Nb7 30. Rf7+ Kb8 31. Rxg7 Ka7 32. Nd6 Rb8 33. Rf1 Ka8 34.
Rff7 Nc8 35. Nxb7 Rb6 36. Nc5 Rc6 37. e6 Rd6 38. Rxg6 Rxd4 39. Nxa6 Rb6 40.
Nc7+ Kb8 41. e7 0-1

[Event "DVM U12 2018"]
[Site "Magdeburg GER"]
[Date "2018.12.28"]
[Round "4"]
[White "Buschmann, Mark"]
[Black "Lenz, Joshua"]
[Result "0-1"]
[Termination "normal"]
[Board "9.1"]
[WhiteElo "1351"]
[BlackElo "1580"]
[WhiteTeam "Muldental Wilkau-Haßlau"]
[BlackTeam "SV Turm Lahnstein"]
[PlyCount "82"]
[WhiteFideId "16275217"]
[BlackFideId "16256956"]
[EventCountry "GER"]
[EventRounds "7"]
[EventType "team-swiss"]
[EventDate "2018.12.26"]

1. e4 e6 2. d4 d5 3. e5 c5 4. Nf3 cxd4 5. Nxd4 Qc7 6. Nc3 Qxe5+ 7. Be3 Bc5 8.
Be2 Nf6 9. O-O O-O 10. Bd3 Kh8 11. Nf3 Qc7 12. Bxc5 Qxc5 13. Re1 Nc6 14. Bb5
Bd7 15. Bxc6 Bxc6 16. Ne5 Rad8 17. Nxc6 Qxc6 18. Rc1 Rfe8 19. Qd4 b6 20. h3 Qc5
21. Qxc5 bxc5 22. Nb5 Rb8 23. a4 a6 24. Nc7 Rec8 25. Nxa6 Rxb2 26. Rb1 Rxc2 27.
a5 Ra2 28. Rb5 Ne4 29. Reb1 h6 30. Rf1 Ra8 31. Nxc5 Nxc5 32. Rxc5 R2xa5 33. Rc7
R5a7 34. Rc6 Ra1 35. Rc8+ Rxc8 36. Rxa1 Kh7 37. Ra7 Kg6 38. Ra4 Rc4 39. Ra8 e5
40. Re8 Kf6 41. Rd8 d4 0-1

[Event "DVM U12 2018"]
[Site "Magdeburg GER"]
[Date "2018.12.28"]
[Round "4"]
[White "Meuer, David"]
[Black "Helmer, Teo"]
[Result "1-0"]
[Termination "normal"]
[Board "9.2"]
[WhiteElo "1618"]
[BlackElo "1323"]
[WhiteTeam "SV Turm Lahnstein"]
[BlackTeam "Muldental Wilkau-Haßlau"]
[PlyCount "41"]
[WhiteFideId "16262964"]
[BlackFideId "16275225"]
[EventCountry "GER"]
[EventRounds "7"]
[EventType "team-swiss"]
[EventDate "2018.12.26"]

1. e4 d6 2. d4 g6 3. Nc3 Bg7 4. h3 Nd7 5. Nf3 Ngf6 6. Bc4 O-O 7. O-O e5 8. dxe5
dxe5 9. Be3 b6 10. Bg5 Bb7 11. Re1 Nc5 12. Bd5 Qd7 13. Bxb7 Qxd1 14. Raxd1 Nxb7
15. Nxe5 Rfe8 16. Nc4 Nc5 17. Bxf6 Bxf6 18. Nd5 Rxe4 19. Nxf6+ Kg7 20. Nxe4
Nxe4 21. Rxe4 1-0

[Event "DVM U12 2018"]
[Site "Magdeburg GER"]
[Date "2018.12.28"]
[Round "4"]
[White "Wagner, Ben"]
[Black "Werling, Lasse"]
[Result "0-1"]
[Termination "normal"]
[Board "9.3"]
[WhiteElo "1194"]
[BlackElo "1180"]
[WhiteTeam "Muldental Wilkau-Haßlau"]
[BlackTeam "SV Turm Lahnstein"]
[PlyCount "108"]
[WhiteFideId "16262298"]
[BlackFideId "16275080"]
[EventCountry "GER"]
[EventRounds "7"]
[EventType "team-swiss"]
[EventDate "2018.12.26"]

1. e4 e6 2. d4 d5 3. e5 c5 4. Nf3 Nc6 5. Be3 Qb6 6. b3 Nh6 7. Be2 Nf5 8. c3
cxd4 9. cxd4 Bb4+ 10. Kf1 Nxe3+ 11. fxe3 h6 12. Kf2 Bd7 13. Rf1 Ne7 14. Kg1 Nf5
15. Qc1 Rc8 16. Qb2 Nxe3 17. Rc1 O-O 18. Nbd2 Qa5 19. Nf1 Nxf1 20. Kxf1 Ba3 21.
Rxc8 Rxc8 22. Qd2 Qxd2 23. Nxd2 Bb2 24. Rb1 Bxd4 25. Nf3 Bb6 26. Ke1 f6 27. a4
Bc7 28. exf6 gxf6 29. h3 a6 30. Kf2 b5 31. axb5 axb5 32. Nd4 Bb6 33. Ke3 Rc3+
34. Bd3 e5 35. Kd2 Bxd4 36. b4 e4 37. Be2 e3+ 38. Kd1 Bf5 39. Rc1 Rb3 40. Bxb5
Bd3 41. Bxd3 Rxd3+ 42. Ke1 Bc3+ 43. Kf1 Bxb4 44. Ke2 Rb3 45. Kf3 d4 46. Ke2
Rb2+ 47. Kf3 e2 48. Kg3 d3 49. Kf3 f5 50. Kg3 d2 51. Ra1 e1=Q+ 52. Rxe1 dxe1=Q+
53. Kf3 Qe4+ 54. Kg3 Bd6# 0-1

[Event "DVM U12 2018"]
[Site "Magdeburg GER"]
[Date "2018.12.28"]
[Round "4"]
[White "Samtleben, Christian"]
[Black "Otto, Kian"]
[Result "1-0"]
[Termination "normal"]
[Board "9.4"]
[WhiteElo "1141"]
[BlackElo "1101"]
[WhiteTeam "SV Turm Lahnstein"]
[BlackTeam "Muldental Wilkau-Haßlau"]
[PlyCount "137"]
[WhiteFideId "16275098"]
[EventCountry "GER"]
[EventRounds "7"]
[EventType "team-swiss"]
[EventDate "2018.12.26"]

1. e4 c5 2. c3 Nc6 3. d4 cxd4 4. cxd4 g6 5. Nf3 Bg7 6. Nc3 Nf6 7. Bc4 e6 8. Bg5
Qc7 9. d5 Nb4 10. Bb3 a6 11. a3 Nbxd5 12. exd5 O-O 13. O-O b5 14. Rc1 Bb7 15.
Ne4 Qxc1 16. Qxc1 Nxe4 17. dxe6 dxe6 18. Bc2 Rac8 19. Qb1 Nxg5 20. Nxg5 Rc7 21.
b3 Rfc8 22. Be4 Bxe4 23. Nxe4 a5 24. Nd6 Rd8 25. Nxb5 Rcd7 26. g3 Rd5 27. Na7
R5d7 28. Nc6 Rc8 29. Nxa5 Rd5 30. Nc4 Rcd8 31. b4 Rd4 32. Na5 Rd3 33. Nc6 R8d7
34. Nb8 Rd8 35. Nc6 R8d7 36. Ne7+ Kf8 37. Nc6 Rxa3 38. b5 Rb7 39. Rd1 Kg8 40.
Rd8+ Bf8 41. Rb8 Rxb8 42. Nxb8 Ra7 43. b6 Rb7 44. Nc6 Bg7 45. Na5 Rd7 46. b7
Be5 47. Qc2 Rd5 48. Nc6 Bd6 49. Ne7+ Bxe7 50. b8=Q+ Rd8 51. Qbc7 Re8 52. Qb2 f6
53. Qd7 Kf7 54. Qb6 Kf8 55. Qdxe6 Kg7 56. h4 Kf8 57. g4 Kg7 58. Qc7 Kf8 59. h5
g5 60. f4 gxf4 61. Qxf4 Kg7 62. h6+ Kf8 63. Qff5 Rd8 64. Qxh7 Rd1+ 65. Kf2 Rd2+
66. Ke3 Bc5+ 67. Kxd2 Bb4+ 68. Kc2 Be7 69. Qhf7# 1-0

[Event "DVM U12 2018"]
[Site "Magdeburg GER"]
[Date "2018.12.28"]
[Round "4"]
[White "Fischer, Darja"]
[Black "Mainka, Ingmar"]
[Result "0-1"]
[Termination "normal"]
[Board "10.1"]
[WhiteElo "1442"]
[BlackElo "1190"]
[WhiteTeam "Karlsruher SF"]
[BlackTeam "DJK Arminia Eilendorf"]
[PlyCount "138"]
[WhiteFideId "16240898"]
[BlackFideId "16254937"]
[EventCountry "GER"]
[EventRounds "7"]
[EventType "team-swiss"]
[EventDate "2018.12.26"]

1. e4 e5 2. Nf3 Nf6 3. Nxe5 d6 4. Nf3 Nxe4 5. d3 Nf6 6. Be2 Be7 7. O-O O-O 8.
Nc3 Nc6 9. Bg5 Be6 10. Re1 Qd7 11. Qd2 Rfe8 12. Rad1 Rad8 13. h3 d5 14. d4 Bf5
15. Bb5 Ne4 16. Nxe4 Bxe4 17. Ne5 Bxg5 18. Qxg5 Qd6 19. Qd2 a6 20. Nxc6 bxc6
21. Bxa6 Qg6 22. Bf1 Bxc2 23. Rxe8+ Rxe8 24. Rc1 Bf5 25. Qc3 Bd7 26. Qc2 Qxc2
27. Rxc2 Re1 28. Re2 Rxe2 29. Bxe2 Kf8 30. Kf1 Ke7 31. Ke1 Kd6 32. Kd2 c5 33.
Kc3 cxd4+ 34. Kxd4 c5+ 35. Kd3 Bb5+ 36. Kd2 c4 37. Kc3 Kc5 38. a3 d4+ 39. Kd2
c3+ 40. bxc3 dxc3+ 41. Kxc3 Bxe2 42. g3 Kb5 43. Kd4 Ka4 44. Ke5 Kxa3 45. f4 Kb4
46. g4 Kc4 47. g5 Kd3 48. f5 Ke3 49. g6 hxg6 50. fxg6 fxg6 51. Ke6 Kf4 52. Kf7
Bd3 53. Kxg7 Kg3 54. Kh6 Kxh3 55. Kg5 Kg3 56. Kf6 Kf4 57. Ke6 g5 58. Kd5 g4 59.
Kd4 Be2 60. Kc3 g3 61. Kd2 g2 62. Kxe2 g1=Q 63. Kd3 Qc5 64. Ke2 Qe3+ 65. Kd1
Qf2 66. Kc1 Qa2 67. Kd1 Ke3 68. Kc1 Kd3 69. Kd1 Qd2# 0-1

[Event "DVM U12 2018"]
[Site "Magdeburg GER"]
[Date "2018.12.28"]
[Round "4"]
[White "Sassenscheidt, Julius"]
[Black "Kiefhaber, Julius"]
[Result "0-1"]
[Termination "normal"]
[Board "10.2"]
[WhiteElo "1034"]
[BlackElo "1417"]
[WhiteTeam "DJK Arminia Eilendorf"]
[BlackTeam "Karlsruher SF"]
[PlyCount "88"]
[WhiteFideId "16258509"]
[BlackFideId "16245121"]
[EventCountry "GER"]
[EventRounds "7"]
[EventType "team-swiss"]
[EventDate "2018.12.26"]

1. c4 e5 2. Nc3 Nc6 3. Nf3 Nf6 4. e3 d5 5. d4 exd4 6. exd4 Bg4 7. cxd5 Nxd5 8.
Be2 Bb4 9. Qd3 Qe7 10. O-O Bxc3 11. bxc3 O-O 12. c4 Ndb4 13. Qd2 Rfe8 14. Bd1
Qf6 15. Bb2 Bxf3 16. Bxf3 Rad8 17. d5 Qd6 18. Qc3 Ne5 19. Kh1 Nbd3 20. Ba3 Qh6
21. Bc1 Qh4 22. Be2 Nxf2+ 23. Kg1 Neg4 24. Bxg4 Nxg4 25. Qg3 Qxg3 26. hxg3 Ne5
27. Rf4 Nd3 28. Rd4 Re1+ 29. Kh2 Rxc1 30. Rxc1 Nxc1 31. a3 Nb3 32. Rd3 Nc5 33.
Rd2 f6 34. Kh3 Kf7 35. Kg4 Kg6 36. Kf4 Re8 37. Rd4 f5 38. g4 fxg4 39. Kxg4 Re4+
40. Rxe4 Nxe4 41. Kf4 Nd2 42. c5 Nb3 43. d6 cxd6 44. cxd6 Kf6 0-1

[Event "DVM U12 2018"]
[Site "Magdeburg GER"]
[Date "2018.12.28"]
[Round "4"]
[White "Hoffmann, Alexander"]
[Black "Debets, Mario"]
[Result "1-0"]
[Termination "normal"]
[Board "10.3"]
[WhiteElo "1392"]
[BlackElo "1000"]
[WhiteTeam "Karlsruher SF"]
[BlackTeam "DJK Arminia Eilendorf"]
[PlyCount "87"]
[WhiteFideId "16240219"]
[BlackFideId "16275250"]
[EventCountry "GER"]
[EventRounds "7"]
[EventType "team-swiss"]
[EventDate "2018.12.26"]

1. e4 e5 2. Nf3 Nc6 3. Bb5 d6 4. h3 Nf6 5. Nc3 Be7 6. O-O Be6 7. d3 O-O 8. Re1
a6 9. Ba4 Re8 10. d4 b5 11. Bb3 b4 12. d5 bxc3 13. dxe6 fxe6 14. Bxe6+ Kh8 15.
Ng5 Rf8 16. Nf7+ Rxf7 17. Bxf7 cxb2 18. Bxb2 Qf8 19. Bb3 Na5 20. Qd3 Nxb3 21.
axb3 Qf7 22. Rxa6 Rb8 23. Rea1 g6 24. Ra8 Rg8 25. Rxg8+ Kxg8 26. f3 d5 27. exd5
Nxd5 28. Bxe5 Nf4 29. Ra8+ Bf8 30. Bxf4 Qxf4 31. Qc4+ Qxc4 32. bxc4 Kf7 33. Kf2
Ke6 34. Rxf8 c5 35. Ke3 g5 36. Ke4 h5 37. Rf5 h4 38. Rxc5 Kf6 39. Rf5+ Ke6 40.
Rxg5 Kf6 41. Kf4 Ke6 42. c5 Kd7 43. Ke5 Kc7 44. Kd5 1-0

[Event "DVM U12 2018"]
[Site "Magdeburg GER"]
[Date "2018.12.28"]
[Round "4"]
[White "Klein, Emil"]
[Black "Hoffmann, Sophia"]
[Result "0-1"]
[Termination "normal"]
[Board "10.4"]
[WhiteElo "1043"]
[BlackElo "1077"]
[WhiteTeam "DJK Arminia Eilendorf"]
[BlackTeam "Karlsruher SF"]
[PlyCount "136"]
[WhiteFideId "16275268"]
[BlackFideId "16259130"]
[EventCountry "GER"]
[EventRounds "7"]
[EventType "team-swiss"]
[EventDate "2018.12.26"]

1. e4 e5 2. Nf3 Nc6 3. Bc4 Bc5 4. Nc3 d6 5. d3 Nf6 6. O-O Be6 7. Bb3 O-O 8. Be3
Bb6 9. Bxb6 axb6 10. Nd5 Nxd5 11. exd5 Bd7 12. dxc6 Bxc6 13. c4 Re8 14. Re1 b5
15. a3 Qf6 16. cxb5 Bxb5 17. Bc4 Bc6 18. Nd2 Qg6 19. Ne4 d5 20. Bxd5 Bxd5 21.
Qc2 f5 22. Qc5 Bc6 23. f3 fxe4 24. dxe4 Rad8 25. b4 b6 26. Qc4+ Qe6 27. Qa6 Ra8
28. Qe2 Qd7 29. Qc2 Ba4 30. Qc4+ Qe6 31. Qxc7 Qc6 32. Qxc6 Bxc6 33. Red1 Red8
34. Rdc1 Ba4 35. Kf2 Rd7 36. g4 Rf8 37. Kg3 Rd3 38. Rf1 Bb5 39. a4 Bc6 40. Rae1
Bxa4 41. Ra1 Bc6 42. Rae1 Rb3 43. Rb1 Rxb1 44. Rxb1 b5 45. Rc1 Bd7 46. Rc7 Be6
47. Rc5 Bc4 48. Rxe5 g6 49. h4 Be2 50. f4 Rd8 51. h5 gxh5 52. Rxh5 Rd4 53. Rg5+
Kh8 54. Re5 Rxb4 55. f5 Kg7 56. g5 Bd3 57. Re7+ Kg8 58. f6 Rxe4 59. Rg7+ Kf8
60. Rxh7 Rg4+ 61. Kxg4 Bxh7 62. Kf3 b4 63. Kg4 b3 64. Kh5 b2 65. Kh6 b1=Q 66.
Kh5 Bf5 67. Kh4 Qg1 68. Kh5 Qh2# 0-1

[Event "DVM U12 2018"]
[Site "Magdeburg GER"]
[Date "2018.12.29"]
[Round "5"]
[White "Gutewort, Paul Emil"]
[Black "Garner, Isaac"]
[Result "0-1"]
[Termination "normal"]
[Board "1.1"]
[WhiteElo "1635"]
[BlackElo "1852"]
[WhiteClock "00:38:00"]
[BlackClock "00:25:17"]
[WhiteTeam "SF Nordost Berlin"]
[BlackTeam "Hamburger SK"]
[PlyCount "156"]
[WhiteFideId "16204182"]
[BlackFideId "16239261"]
[EventCountry "GER"]
[EventRounds "7"]
[EventType "team-swiss"]
[EventDate "2018.12.26"]

1. d4 {[%clk 1:30:58]} Nf6 {[%clk 1:30:54]} 2. Bf4 {[%clk 1:31:22]} d5 {[%clk
1:31:20]} 3. e3 {[%clk 1:31:40]} e6 {[%clk 1:31:45]} 4. c3 {[%clk 1:32:02]} Bd6
{[%clk 1:32:09]} 5. Bg3 {[%clk 1:32:25]} Ne4 {[%clk 1:32:31]} 6. Nd2 {[%clk
1:32:42]} Nxg3 {[%clk 1:32:34]} 7. hxg3 {[%clk 1:33:06]} c5 {[%clk 1:32:41]} 8.
Ngf3 {[%clk 1:33:20]} Nc6 {[%clk 1:32:39]} 9. Bd3 {[%clk 1:33:37]} Bd7 {[%clk
1:32:14]} 10. Qc2 {[%clk 1:32:24]} h6 {[%clk 1:28:13]} 11. g4 {[%clk 1:27:28]}
cxd4 {[%clk 1:22:32]} 12. exd4 {[%clk 1:25:34]} Rc8 {[%clk 1:15:22]} 13. Qd1
{[%clk 1:25:17]} Be7 {[%clk 1:10:22]} 14. Qe2 {[%clk 1:22:16]} a6 {[%clk
1:03:39]} 15. Rc1 {[%clk 1:14:12]} b5 {[%clk 0:55:32]} 16. O-O {[%clk 1:09:10]}
Rb8 {[%clk 0:51:28]} 17. Nb3 {[%clk 0:58:26]} Qb6 {[%clk 0:43:45]} 18. Ne5
{[%clk 0:53:23]} Nxe5 {[%clk 0:41:25]} 19. Qxe5 {[%clk 0:53:04]} Bf6 {[%clk
0:29:10]} 20. Qe2 {[%clk 0:52:01]} Be7 {[%clk 0:26:13]} 21. Qe5 {[%clk
0:47:45]} Bf6 {[%clk 0:25:48]} 22. Qe2 {[%clk 0:48:08]} O-O {[%clk 0:25:22]}
23. g3 {[%clk 0:42:23]} Rfe8 {[%clk 0:23:15]} 24. Nc5 {[%clk 0:36:19]} Bc8
{[%clk 0:21:47]} 25. Nb3 {[%clk 0:20:11]} Bd7 {[%clk 0:21:20]} 26. Qd2 {[%clk
0:13:21]} e5 {[%clk 0:17:36]} 27. Bf5 {[%clk 0:11:20]} Bxf5 {[%clk 0:17:00]}
28. gxf5 {[%clk 0:11:44]} Bg5 {[%clk 0:15:33]} 29. f4 {[%clk 0:11:40]} exf4
{[%clk 0:15:47]} 30. gxf4 {[%clk 0:11:59]} Be7 {[%clk 0:15:35]} 31. Qg2 {[%clk
0:11:12]} Rbd8 {[%clk 0:14:33]} 32. Rf3 {[%clk 0:10:04]} Qf6 {[%clk 0:12:38]}
33. Qh3 {[%clk 0:07:49]} Bd6 {[%clk 0:10:13]} 34. Rc2 {[%clk 0:06:33]} Re1+
{[%clk 0:07:49]} 35. Kh2 {[%clk 0:06:40]} Qg5 {[%clk 0:06:43]} 36. Rg2 {[%clk
0:04:57]} Bxf4+ {[%clk 0:06:59]} 37. Rxf4 {[%clk 0:05:21]} Qxf4+ {[%clk
0:07:19]} 38. Qg3 {[%clk 0:05:44]} Qxg3+ {[%clk 0:07:17]} 39. Kxg3 {[%clk
0:05:51]} Rf1 {[%clk 0:05:55]} 40. Kg4 {[%clk 0:06:05]} Rd6 {[%clk 0:05:46]}
41. Nd2 {[%clk 0:05:49]} Re1 {[%clk 0:04:22]} 42. Kf4 {[%clk 0:05:01]} Rf6
{[%clk 0:01:08]} 43. Kg4 {[%clk 0:29:30]} g6 {[%clk 0:29:10]} 44. Nf3 {[%clk
0:28:40]} Re4+ {[%clk 0:29:02]} 45. Kg3 {[%clk 0:28:08]} Rxf5 {[%clk 0:28:47]}
46. Kf2 {[%clk 0:28:09]} g5 {[%clk 0:27:20]} 47. Kg3 {[%clk 0:28:00]} Re3
{[%clk 0:24:01]} 48. Rf2 {[%clk 0:28:16]} h5 {[%clk 0:22:56]} 49. Kg2 {[%clk
0:27:44]} g4 {[%clk 0:20:28]} 50. Ne5 {[%clk 0:27:23]} Rxf2+ {[%clk 0:19:54]}
51. Kxf2 {[%clk 0:27:46]} Rxe5 {[%clk 0:19:12]} 52. dxe5 {[%clk 0:28:08]} Kf8
{[%clk 0:19:36]} 53. Kg3 {[%clk 0:28:16]} Ke7 {[%clk 0:19:58]} 54. Kf4 {[%clk
0:28:08]} Ke6 {[%clk 0:20:18]} 55. Kg3 {[%clk 0:28:33]} Kxe5 {[%clk 0:20:41]}
56. Kg2 {[%clk 0:28:59]} Ke4 {[%clk 0:21:07]} 57. Kg3 {[%clk 0:29:26]} Kd3
{[%clk 0:21:33]} 58. Kg2 {[%clk 0:29:51]} Kc2 {[%clk 0:21:58]} 59. Kg3 {[%clk
0:30:17]} Kxb2 {[%clk 0:22:19]} 60. Kg2 {[%clk 0:30:43]} Kxc3 {[%clk 0:22:39]}
61. Kg3 {[%clk 0:31:06]} Kb2 {[%clk 0:22:24]} 62. Kg2 {[%clk 0:31:31]} Kxa2
{[%clk 0:22:50]} 63. Kg3 {[%clk 0:31:58]} d4 {[%clk 0:23:04]} 64. Kf2 {[%clk
0:32:22]} h4 {[%clk 0:23:29]} 65. Ke2 {[%clk 0:32:49]} h3 {[%clk 0:23:55]} 66.
Kd3 {[%clk 0:33:16]} h2 {[%clk 0:24:21]} 67. Kxd4 {[%clk 0:33:43]} h1=Q {[%clk
0:24:31]} 68. Kd3 {[%clk 0:34:09]} Qe1 {[%clk 0:24:02]} 69. Kd4 {[%clk
0:34:35]} Qe2 {[%clk 0:24:10]} 70. Kd5 {[%clk 0:35:00]} Qe3 {[%clk 0:24:00]}
71. Kd6 {[%clk 0:35:24]} Qe4 {[%clk 0:24:25]} 72. Kc5 {[%clk 0:35:49]} b4
{[%clk 0:24:21]} 73. Kd6 {[%clk 0:36:13]} f5 {[%clk 0:24:36]} 74. Kc5 {[%clk
0:36:38]} Qd3 {[%clk 0:24:58]} 75. Kc6 {[%clk 0:36:40]} b3 {[%clk 0:24:33]} 76.
Kc5 {[%clk 0:37:05]} b2 {[%clk 0:24:58]} 77. Kc6 {[%clk 0:37:32]} b1=Q {[%clk
0:25:14]} 78. Kc5 {[%clk 0:38:00]} Qbb5# {[%clk 0:25:17]} 0-1